000 00709nam a22002177a 4500
999 _c13442
_d13442
003 AR-CdUCM
008 190415b ||||| |||| 00| 0 spa d
040 _aMUNICIPALIDAD PROVINCIAL DEL CUSCO
_cBIBLIOTECA MUNICIPAL DEL CUSCO
082 _a984.1 /
_bC55
100 _aChipana Ramos, Francisco
_931865
245 _aHistoria de los movimientos campesinos en Bolivia /
260 _aCochabamba :
_bCensed,
300 _a16 páginas ,
_c21 cm.
440 _aLa revolución nacional
_931866
505 _aContenido : Introducción -- Movimiento campesino ...
650 _aHistoria
_9136
650 _aMovimientos
_914998
650 _aSociales
_928612
942 _2ddc
_cLIBROS
945 _arah
_d15/04/2019